| 000 | 03339nam a22003377a 4500 | ||
|---|---|---|---|
| 001 | TIGAL 0006 | ||
| 003 | gtcocun | ||
| 005 | 20250923171251.0 | ||
| 006 | a||||gr|||| 00| 0 | ||
| 007 | ta | ||
| 008 | 250923b2018 gt ||||| m||| 00| 0 eng d | ||
| 040 |
_agtcocun _bSPA _cgtcocun _eRDA |
||
| 041 | _aSPA TIGAL 0006 | ||
| 084 | _0TIGAL 0006 | ||
| 100 |
_aLeal Cú, Luis Fernando _eAutor |
||
| 245 |
_aDIAGNÓSTICO DE LOS DESECHOS SÓLIDOS DE LOS MERCADOS DE LAS ALDEAS CHIQUIXJI, CHAMTACA, CHACALTE, COJAJ Y CAMPUR JURISDICCIÓN MUNICIPAL DE SAN PEDRO CARCHÁ, ALTA VERAPAZ/ _cLuis Fernando Leal Cú. _hImpreso |
||
| 264 |
_aCobán, Alta Verapaz: _bUniversidad de San Carlos de Guatemala, Centro Universitario del Norte, Carrera de Ingeniería en Gestión Ambiental Local _c2018 |
||
| 300 |
_a263 p.: _bIlustraciones, gráficas. _c28 cm; |
||
| 300 | _cPDF | ||
| 336 |
_2rdacontenido _aTexto _btxt |
||
| 337 |
_2rdamedio _aComputadora _bn |
||
| 338 |
_2rdasoporte _aCódigo en línea _bcr |
||
| 502 | _eTIGAL 0006 | ||
| 502 |
_aTesis de grado _bCarrera de Ingeniería en Gestión Ambiental Local, _cUniversidad de San Carlos de Guatemala, Centro Universitario del Norte, Carrera de Ingeniería en Gestión Ambiental Local _d2018 _oTIGAL 0006 |
||
| 520 | 1 | 4 | _aLos mercados rurales funcionan como un punto de encuentro entre habitantes que llegan a desarrollar actividades de compra y venta de todo tipo de productos, de los cuales destacan principalmente los alimentos, es por ello que son lugares que suelen ser visitados con frecuencia para satisfacer las necesidades de la población; debido a la concurrencia que existe en los mercados se producen cantidades considerables de desechos sólidos, los cuales impactan de manera directa al ambiente y contribuyen a su contaminación. En los mercados de las comunidades de Chiquixji, Chamtaca, Chacalte, Cojaj y Campur del municipio de San Pedro Carchá se presenta una situación preocupante ya que se evidenció que actualmente no poseen un sistema de manejo adecuado para los desechos sólidos lo que genera problemas ambientales como la proliferación de vectores contaminantes, la disminución de la calidad visual, las emisiones a la atmósfera por la incineración de los desechos, los riesgos de contaminación del suelo y cuerpos de agua, lo que resulta en un panorama insalubre para el desarrollo comercial de alimentos y aumenta los riesgos de enfermedades. Para poder actuar sobre los problemas ambientales que se generan en los mercados a causa del manejo inadecuado de los desechos es necesario tener información sobre las cantidades y el tipo de desecho que producen, es por ello que el presente documento contiene los resultados obtenidos de la caracterización de los desechos producidos en los mercados rurales y establece propuestas para minimizar los impactos ambientales identificados. |
| 650 | 1 | 4 |
_2LEMB _aCarchá, Alta Verapaz _xIngeniería en Gestión Ambiental Local _xMercados rurales _xDesechos sólidos _xAmbiente _xContaminación _xProblemas ambientales |
| 700 |
_aIng. Agr. Nery Alejandro Chocooj Barrientos _eAsesor |
||
| 856 |
_uhttps://drive.google.com/file/d/10-pIxMRGK7EHZ_X8g3bmZhPFYdgchT1w/view _yPDF _zUn ejemplar en línea. |
||
| 942 |
_2ddc _cTES _iTIGAL 0006 _kClasificación _n0 _6TIGAL_0006_000000000000000 |
||
| 999 |
_c2086 _d2086 |
||